Triple J Hottest 100 - 2016 - Statistics

General Stats
  • This quiz has been taken 7 times
  • The average score is 51 of 100
Answer Stats
# Song Title Artist % Correct
5 Redbone Childish Gambino
100%
88 Me and Your Mama Childish Gambino
100%
59 Solo Frank Ocean
100%
84 Pink + White Frank Ocean
100%
12 Cocoon Milky Chance ft. ASAP Rocky
100%
10 Starboy The Weeknd ft. Daft Punk
100%
41 I Feel It Coming The Weeknd ft. Daft Punk
100%
2 Adore Amy Shark
80%
66 Hold Up Beyoncé
80%
99 Too Good Drake ft. Rihanna
80%
31 One Dance Drake ft. Wizkid and Kyla
80%
1 Never Be like You Flume ft. Kai
80%
8 Say It Flume ft. Tove Lo
80%
95 Lost It Flume ft. Vic Mensa
80%
37 Smoke & Retribution Flume ft. Vince Staples and Kučka
80%
22 Ultralight Beam Kanye West
80%
72 Famous Kanye West
80%
46 Dang! Mac Miller ft. Anderson .Paak
80%
64 Alaska Maggie Rogers
80%
11 Chameleon Pnau
80%
30 Innerblown (What So Not Remix) Rüfüs
80%
55 Say a Prayer for Me Rüfüs
80%
28 Frankie Sinatra The Avalanches
80%
75 Becasue I'm Me The Avalanches
80%
91 Subways The Avalanches
80%
20 On Hold The xx
80%
24 Come On Mess Me Up Cub Sport
60%
81 Panda Desiigner
60%
6 Believe (Like a Version) DMA's
60%
39 Step Up te Morphine DMA's
60%
33 Bullshit Dune Rats
60%
34 Scott Green Dune Rats
60%
38 Youth Glass Animals
60%
63 Life Itself Glass Animals
60%
98 Season 2 Episode 3 Glass Animals
60%
70 Wolfie Golden Features ft. Julia Stone
60%
52 Love Yourself (Like a Version) Halsey
60%
49 Higher Hilltop Hoods ft. James Chatburn
60%
4 1955 Hilltop Hoods ft. Montaigne and Tom Thum
60%
23 Catch 22 Illy ft. Anne-Marie
60%
7 Papercuts Illy ft. Vera Blue
60%
68 Next to You L D R U ft. Savoi
60%
15 Genghis Khan Miike Snow
60%
43 Final Song
60%
13 Love$ick Mura Masa
60%
9 Stranger Peking Duk ft. Elliphant
60%
79 Burn the Witch Radiohead
60%
26 Make Them Wheels Roll Safia
60%
85 My Love Is Gone Safia
60%
89 Over You Safia
60%
3 Jungle Tash Sultana
60%
32 Notion Tash Sultana
60%
21 Death to the Lads The Smith Street Band
60%
16 January 26 A.B. Original ft. Dan Sultan
40%
45 Dumb Things (Like a Version) A.B. Original ft. Paul Kelly and Dan Sultan
40%
97 You Don't Think You Like People Like Me Alex Lahey
40%
58 Girlie Bits Ali Barter
40%
42 Heartlines Broods
40%
71 Free Broods
40%
19 7 Catfish and the Bottlemen
40%
57 Twice Catfish and the Bottlemen
40%
77 Soundcheck Catfish and the Bottlemen
40%
44 Satan D.D Dumbo
40%
47 Walrus D.D Dumbo
40%
62 Marinade Dope Lemon
40%
87 Uptown Folks Dope Lemon
40%
40 Surfin' Kid Cudi ft. Pharrell
40%
61 Gamma Knife King Gizzard & the Lizard Wizard
40%
29 Our Town Sticky Fingers
40%
36 Sad Songs Sticky Fingers
40%
51 Outcast at Last Sticky Fingers
40%
78 Settle Vera Blue
40%
14 Viceroy Violent Soho
40%
53 Blanket Violent Soho
40%
69 So Sentimental Violent Soho
40%
73 No Shade Violent Soho
40%
92 How to Taste Violent Soho
40%
80 Gemini Feed banks
20%
17 The Opposite of Us Big Scary
20%
100 Brace Birds of Tokyo
20%
86 Dopamine Bliss n Eso ft. Thief
20%
74 Lost: Season One Camp Cope
20%
35 World of Our Love Client Liaison
20%
96 Hanging by a Thread Elk Road ft. Natalie Foster
20%
93 High and Low Empire of the Sun
20%
50 Strange Diseases Gang of Youths
20%
90 Anything Near Conviction Luca Brasi
20%
25 Because I Love You Montaigne
20%
56 Keeping Score (Like a Version) Paces ft. Guy Sebastian
20%
60 Drinkee Sofi Tukker
20%
65 All Fucked Up The Amity Affliction
20%
67 I Bring the Weather with Me The Amity Affliction
20%
76 This Could Be Heartbreak The Amity Affliction
20%
83 Simulation Tkay Maidza
20%
54 Bored to Death Blink-182
0%
18 All Night Chance the Rapper ft. Knox Fortune
0%
27 Drive Gretta Ray
0%
48 Creepin Kingswood
0%
82 Think About It Thundamentals ft. Peta & the Wolves
0%
94 Fading Vallis Alps
0%
No matching quizzes found
Score Distribution
Percent of People with Each Score
Percentile by Number Answered
Your Score History
You have not taken this quiz